| 000 | 00693cam a22002293a 4500 | ||
|---|---|---|---|
| 001 | 19808 | ||
| 003 | PGUSA | ||
| 005 | 20140828083423.0 | ||
| 008 | 061114s2006||||xxu|||||s|||||000 | eng d | ||
| 040 |
_aPGUSA _beng |
||
| 042 | _adc | ||
| 050 | 4 | _aDG | |
| 100 | 1 |
_aBalbo, Cesare, conte, _d1789-1853 |
|
| 245 | 1 | 0 |
_aDella storia d'Italia, v. 1-2 : _bdalle origini fino ai nostri giorni - Sommario _h[electronic resource] / _cCesare, conte Balbo |
| 260 |
_bProject Gutenberg, _c2006 |
||
| 506 | _aPublic domain in the USA. | ||
| 516 | _aElectronic text | ||
| 653 | _aItaly -- History | ||
| 830 | 0 |
_aProject Gutenberg _v19808 |
|
| 856 | 4 | 0 | _uhttp://www.gutenberg.org/ebooks/19808 |
| 942 | _cEB | ||
| 999 |
_c249063 _d249063 |
||